ESPN Top 100 Footballers 2020 - Statistics

General Stats
  • This quiz has been taken 813 times
  • The average score is 67 of 100
Answer Stats
Club Answer % Correct
Liverpool Alisson
97%
Bayern Munich Manuel Neuer
97%
Manchester United David De Gea
96%
Atlético Madrid Jan Oblak
96%
Barcelona Marc-Andre ter Stegen
96%
Manchester City Ederson
95%
Real Madrid Thibaut Courtois
94%
Paris Saint-Germain Keylor Navas
93%
Sevilla Jesus Navas
92%
Liverpool Trent Alexander-Arnold
92%
Liverpool Virgil Van Dijk
92%
A.C. Milan Gianluigi Donnarumma
90%
Real Madrid Sergio Ramos
90%
Bayern Munich Joshua Kimmich
88%
Liverpool Mohamed Salah
87%
Bayern Munich Robert Lewandowski
86%
Tottenham Hotspur Harry Kane
85%
Barcelona Lionel Messi
85%
Liverpool Sadio Mane
84%
Juventus Cristiano Ronaldo
82%
Paris Saint-Germain Kylian Mbappe
82%
Paris Saint-Germain Neymar
82%
Liverpool Andrew Robertson
81%
Real Madrid Karim Benzema
81%
Borussia Dortmund Erling Haaland
80%
Manchester City Kevin de Bruyne
80%
Real Madrid Luka Modric
80%
Manchester City Kyle Walker
79%
Inter Milan Samir Handanovic
79%
Real Madrid Toni Kroos
79%
Real Madrid Dani Carvajal
78%
Bayern Munich Alphonso Davies
77%
Barcelona Jordi Alba
77%
Real Madrid Raphael Varane
77%
Liverpool Roberto Firmino
77%
Bayern Munich Thomas Muller
76%
Manchester United Bruno Fernandes
75%
Manchester City Sergio Aguero
75%
Tottenham Hotspur Son Heung-Min
75%
Liverpool Jordan Henderson
74%
Liverpool Jurgen Klopp
74%
Paris Saint-Germain Marquinhos
74%
Chelsea N'Golo Kante
74%
Inter Milan Romelu Lukaku
74%
Real Madrid Casemiro
72%
Napoli Kalidou Koulibaly
72%
Lazio Ciro Immobile
71%
Bayern Munich David Alaba
71%
Manchester City Pep Guardiola
71%
Manchester City Raheem Sterling
71%
Manchester City Bernardo Silva
70%
Bayern Munich Serge Gnabry
70%
Real Madrid Marcelo
67%
Paris Saint-Germain Marco Verratti
67%
Juventus Matthijs de Ligt
67%
Liverpool Thiago Alcantara
67%
Real Madrid Ferland Mendy
66%
Inter Milan Achraf Hakimi
65%
Arsenal Pierre-Emerick Aubameyang
65%
Paris Saint-Germain Angel Di Maria
64%
Barcelona Frenkie de Jong
64%
Borussia Dortmund Jadon Sancho
64%
Manchester United Marcus Rashford
64%
A.C. Milan Theo Hernandez
64%
Liverpool Fabinho
63%
Chelsea Timo Werner
63%
Chelsea Kai Havertz
62%
Manchester City Aymeric Laporte
61%
Real Madrid Zinedine Zidane
61%
Bayern Munich Benjamin Pavard
60%
Real Madrid Vinicius
60%
Bayern Munich Kingsley Coman
59%
RB Leipzig Dayot Upamecano
58%
Real Madrid Eden Hazard
58%
Juventus Paulo Dybala
58%
Juventus Alex Sandro
57%
Everton Carlo Ancelotti
57%
Atlético Madrid Diego Simeone
57%
Aston Villa Jack Grealish
56%
Manchester United Paul Pogba
55%
Wolverhampton Wanderers Raul Jimenez
54%
Chelsea Ben Chilwell
53%
Bayern Munich Hansi Flick
50%
Atlético Madrid Kieran Trippier
48%
Bayern Munich Leon Goretzka
46%
Atalanta Alejandro Gomez
45%
Sevilla Jules Kounde
45%
Leicester City Ricardo Pereira
44%
Chelsea Christian Pulisic
41%
Leeds United Marcelo Bielsa
39%
Borussia Dortmund Raphael Guerreiro
38%
Barcelona Sergino Dest
38%
Atalanta Josip Ilicic
35%
RB Leipzig Julian Nagelsmann
35%
Lyon Houssem Aouar
31%
Tottenham Hotspur Sergio Reguilon
30%
Sevilla Lucas Ocampos
28%
Atalanta Hans Hateboer
20%
Atalanta Gian Piero Gasperini
18%
Sevilla Julen Lopetegui
17%
No matching quizzes found
Score Distribution
Percent of People with Each Score
Percentile by Number Answered
Your Score History
You have not taken this quiz